| 000 | 00347nam a22001337a 4500 | ||
|---|---|---|---|
| 008 | 170922b xxu||||| |||| 00| 0 eng d | ||
| 020 | _a9780787958411 | ||
| 041 | _aeng | ||
| 080 | _a37 | ||
| 100 | _a46 | ||
| 101 | _aEDU | ||
| 245 |
_aINSTITUTIONALIZING A BROADER VIEW OF SCHOLARSHIP THROUGH BOYER'S FOUR DOMAINS _cBRAXTON,J.M |
||
| 942 |
_2udc _cBK |
||
| 999 |
_c29056 _d29056 |
||